000 00926nam a22002537a 4500
005 20240530110409.0
008 150209s2011 ua o g j 000 0 ara d
017 _a2011/15360
_bمصر . دار الكتب المصرية
020 _a9789771808497
040 _aEG-CaGPL
041 0 _aara
082 0 4 _221
_a382.091\
_bع و
100 0 _aعمر رياض
245 1 0 _aوثائق تجارة السلاح الالمانى فى الجزيرة العربية :
_bقراءة فى ارشيف زكى كرام /
_cعمر رياض
260 _aالقاهرة :
_bدار الكتب المصرية ،
_c2011
300 _a558 ص ؛
_c24 سم
490 _aدراسات وثائقية ؛
_v2
600 0 4 _aزكى كرام
650 0 4 _aالاسلحة
650 0 4 _aالاسلحة
_xصناعة و تجارة
650 0 4 _aالاسلحة و التسليح
942 _2ddc
_cBK
999 _c60411
_d60411